000 01594cam a22002174a 4500
005 20250605164409.0
008 250528s ||||||||||||||||||||||||d
035 _a24932
020 _a9780323057103
040 _aGR-AtMCL
_bgre
_dGR-AtMCL
_eAACR2
245 1 _aClinical Advisor / Orthopedic Rehabilitation
260 _c2010
300 _a968
520 _aThis book puts a wealth of vital information at your fingertip and it is perfect for classroom and clinical environments. Foundational Knowledge, Tissue Injury and Healing, Pain Mechanisms, Radiology, Biomechanics, Orthopedic Reasoning, Clinical Reasoning and Decision Making in Orthopedic Rehabilitation, Upper Cervical Spine, Cervical Spine, Thoracic Spine, Lumbar Spine, Sacroiliac Joint, Temporomandibular and Craniofacial Dysfunction, Shoulder, Elbow, Wrist and Hand, Hip and Thigh, Knee, Foot and Ankle, Pelvic Pain, Nerve, Chronic Pain, Red Flags and Nonmusculoskeletal Pain, Orthopedic Pathology, Upper Cervical Spine, Cervical Spine, Thoracic Spine, Lumbar Spine, Sacroiliac Joint, Craniofacial and Temporomandibular Joint, Shoulder, Elbow, Hand and Wrist, Hip and Thigh, Knee, Ankle and Skin, Foot, Pediatric, Pelvic Pain and Women's Health, Nerve, Chronic Pain, Rehabilitation and Common Clinical Questions, Cervical Spine, Thoracic Spine, Lumbar Spine, Temporomandibular Joint, Upper Extremity, Lower Extremity, Nerve, Pharmacology, Index, Drug Index.
700 1 _aBrechter Jacklyn
_99680
700 1 _aMosby Elsevier
_99681
700 1 _aSueki Derrick
_99682
942 _cBK
999 _c9762
_d9762